000 00555nam a22001697a 4500
005 20251108172854.0
008 250721s2000 xx 000 0 ara d
082 1 4 _a922.1/زبن
100 1 _aالزبن، عدنان ساري عبد الله
245 1 0 _aالعز و النصر و القدوة في السادة و الأبرار الشهداء قادة مؤتة /
264 1 _aعمان :
_bالمؤلف،
_c2000.
300 _a176ص.
650 1 7 _aالتراجم
650 1 7 _aالقادة الدينيون
942 _2ddc
_cBK
999 _c90580
_d90580